MARC details
| 000 -CABECERA |
| campo de control de longitud fija |
03448nam a2200301 a 4500 |
| 003 - IDENTIFICADOR DEL NÚMERO DE CONTROL |
| campo de control |
OSt |
| 005 - FECHA Y HORA DE LA ÚLTIMA TRANSACCIÓN |
| campo de control |
20251106132746.0 |
| 007 - CAMPO FIJO DE DESCRIPCIÓN FÍSICA--INFORMACIÓN GENERAL |
| campo de control de longitud fija |
cr ||||||a|c|a |
| 008 - DATOS DE LONGITUD FIJA--INFORMACIÓN GENERAL |
| campo de control de longitud fija |
230526s2020 mx ||||fom||| 001 0 s d |
| 040 ## - FUENTE DE LA CATALOGACIÓN |
| Normas de descripción |
rda |
| 100 1# - ENTRADA PRINCIPAL--NOMBRE DE PERSONA |
| 9 (RLIN) |
187229 |
| Nombre de persona |
Romero Díaz, Claudio |
| 245 10 - MENCIÓN DE TÍTULO |
| Título |
Sistemas agroforestales de café y su relación con aves insectívoras de dos estratos verticales en un bosque mesófilo de montaña / |
| Mención de responsabilidad, etc. |
Por Claudio Romero Díaz; director de tesis Rosa María García Núñez |
| 264 #1 - PRODUCCIÓN, PUBLICACIÓN, DISTRIBUCIÓN, FABRICACIÓN Y COPYRIGHT |
| Producción, publicación, distribución, fabricación y copyright |
Chapingo, México : |
| Nombre del de productor, editor, distribuidor, fabricante |
El autor, |
| Fecha de producción, publicación, distribución, fabricación o copyright |
2020. |
| 300 ## - DESCRIPCIÓN FÍSICA |
| Extensión |
1 recurso en línea (126 páginas): |
| Otras características físicas |
Cuadros figuras y tablas. |
| 336 ## - TIPO DE CONTENIDO |
| Fuente |
rdacontent |
| Término de tipo de contenido |
texto |
| Código de tipo de contenido |
txt |
| 337 ## - TIPO DE MEDIO |
| Fuente |
rdamedia |
| Nombre/término del tipo de medio |
computadora |
| Código del tipo de medio |
c |
| 338 ## - TIPO DE SOPORTE |
| Fuente |
rdacarrier |
| Nombre/término del tipo de soporte |
recurso en línea |
| Código del tipo de soporte |
cr |
| 502 ## - NOTA DE TESIS |
| Tipo de título |
Maestría en Ciencias en Agroforestería para el Desarrollo Sostenible |
| Nombre de la institución que otorga el título |
Departamento de Enseñanza, Investigación y Servicio en Suelos, |
| Año de obtención del título |
2020 |
| Información miscelánea |
Maestría |
| 504 ## - NOTA DE BIBLIOGRAFÍA, ETC. |
| Nota de bibliografía, etc. |
Incluye referencias bibliográficas: páginas 13-18, 67-72. |
| 520 ## - SUMARIO, ETC. |
| Sumario, etc. |
Con el objetivo de determinar el papel de los sistemas agroforestales de café en el sostenimiento trófico de aves insectívoras de los estratos verticales, bajo y medio de un Bosque Mesófilo de Montaña (BMM), de agosto (2018) a enero (2019) se llevó acabo el seguimiento de variables mediante muestreo sistemático, empleando recuento en puntos conradio fijo, búsqueda intensiva, captura con redes de niebla, corte-sacudida de ramas, líneas de canfield y cuadros empotrados. Los resultados son presentados en cuatro capítulos: Diversidad y uso de hábitat por aves insectívoras de sistemas agroforestales en BMM; Comportamiento trófico de aves insectívoras en sistemas agroforestales inmersos en BMM; Ecología trófica de aves insectívoras en sistemas agroforestales y bosque mesófilo; y Vegetación y estructura del hábitat que determina la dieta de aves insectívoras en sistemas agroforestales. Para el primer capítulo se aplicó índice de abundancia relativa (IAR), riqueza (Jacknife1); similitud (Jaccard), diversidad (Shannon-Wiener), kruskal-wallis, X2 y análisis de componentes principales (ACP). En el segundo se desarrolló frecuencia de observación (FO), IAR, regresión poisson (ARP), ACP, kruskal-wallis y X2. Para el tercero se efectuó FO, IAR, Jacknife1, Jaccard, Shannon-Wiener, kruskal-wallis, X2, ARP y correspondencia canónica (ACC). En el cuarto se determinó FO, IAR, kruskal-wallis, X2, ARP y ACC. Se destaca la importancia de los sistemas agroforestales como nicho de oportunidad en donde la avifauna encuentra alimento y refugio que coadyuvan a su conservación. Se evidencia una coexistencia simpátrica sin competencia por recurso ni técnica de cacería empleada exhibiendo simpatría trófica entre la avifauna registrada. La vegetación y estructura del hábitat son factores determinantes en la abundancia de aves, disponen del stock alimenticio que coadyuva a la conservación y equilibrio ecológico de los sistemas agroforestales. Se recomienda mejoramiento del hábitat que disponga de estratos verticales y horizontales estimulando la disponibilidad de nichos de utilización para este grupo taxonómico. |
| 650 #4 - PUNTO DE ACCESO ADICIONAL DE MATERIA--TÉRMINO DE MATERIA |
| 9 (RLIN) |
133357 |
| Término de materia o nombre geográfico como elemento de entrada |
Café |
| Subdivisión general |
Sistemas agroforestales |
| 650 #4 - PUNTO DE ACCESO ADICIONAL DE MATERIA--TÉRMINO DE MATERIA |
| 9 (RLIN) |
187245 |
| Término de materia o nombre geográfico como elemento de entrada |
Aves |
| Subdivisión general |
Identificación |
| Subdivisión geográfica |
Veracruz |
| 650 #4 - PUNTO DE ACCESO ADICIONAL DE MATERIA--TÉRMINO DE MATERIA |
| 9 (RLIN) |
8611 |
| Término de materia o nombre geográfico como elemento de entrada |
Aves |
| Subdivisión general |
Hábitos y conducta |
| 650 #4 - PUNTO DE ACCESO ADICIONAL DE MATERIA--TÉRMINO DE MATERIA |
| 9 (RLIN) |
8610 |
| Término de materia o nombre geográfico como elemento de entrada |
Aves |
| Subdivisión general |
Hábitos alimenticios |
| 700 1# - PUNTO DE ACCESO ADICIONAL--NOMBRE DE PERSONA |
| 9 (RLIN) |
46382 |
| Nombre de persona |
García Núñez, Rosa María |
| Término indicativo de función/relación |
director. |
| 856 ## - LOCALIZACIÓN Y ACCESO ELECTRÓNICOS |
| Identificador Uniforme del Recurso |
http://10.13.5.2/tesis/tm/Romero_Diaz_Claudio.pdf |
| Nota pública |
DESCARGAR PDF |
| 942 ## - ELEMENTOS DE PUNTO DE ACCESO ADICIONAL (KOHA) |
| Fuente del sistema de clasificación o colocación |
Clasificación Universidad Autónoma Chapingo |
| Tipo de ítem Koha |
Tesis digital |